Statistics for Geography starting with N

Click here to take the quiz!

General Stats

  • This quiz has been taken 100 times
  • The average score is 6 of 10

Answer Stats

LettersClueAnswer% Correct
4Worlds longest riverNile
100%
7Most populated African countryNigeria
95%
5Asian lanlocked countryNepal
84%
12New England stateNew Hampshire
79%
11Largest city in USANew York City
72%
13Ninth most populated US staeNorth Carolina
70%
10Antipodean countryNew Zealand
48%
9Only Oceanic capital with a punctuation markNuku'alofa
31%
8Capital of 'Dead Heart of Africa'N'Djamena
21%
6New Caledonian capitalNoumea
12%

Score Distribution

Percentile by Number Answered

Percent of People with Each Score

Your Score History

You have not taken this quiz